Statystyki dla Najkrótsze nazwy państw

Kliknij tutaj aby rozwiązać quiz!

Ogólne statystyki

  • Ten quiz został rozwiązany 225 razy
    (206 od ostatniego zresetowania)
  • Średni wynik to 25 z 39

Statystyki odpowiedzi

Państwo% Poprawnych
Oman
80%
Irak
79%
Iran
78%
Litwa
76%
Łotwa
76%
Chiny
75%
Peru
75%
Cypr
74%
Dania
73%
Chile
70%
Jemen
69%
Libia
69%
Rosja
69%
Indie
68%
Czad
67%
Egipt
67%
Malta
67%
Kuba
66%
Mali
66%
Togo
66%
Laos
64%
Liban
64%
Niger
64%
Fidżi
62%
Katar
62%
Haiti
61%
Syria
59%
Benin
58%
Kongo
58%
Nepal
56%
Kenia
55%
Samoa
55%
Ghana
53%
Sudan
53%
Nauru
52%
Palau
50%
Gabon
49%
Tonga
49%
Węgry
43%

Rozkład punktacji

Percentyl według liczby udzielonych odpowiedzi

Procent ludzi z każdym wynikiem

Twoja historia wyników

Nie rozwiązałeś tego quizu od ostatniego zresetowania